<?xml version="1.0" encoding="UTF-8"?>
<record
    xmlns:xsi="http://www.w3.org/2001/XMLSchema-instance"
    xsi:schemaLocation="http://www.loc.gov/MARC21/slim http://www.loc.gov/standards/marcxml/schema/MARC21slim.xsd"
    xmlns="http://www.loc.gov/MARC21/slim">

  <leader>02200nam a2200325   4500</leader>
  <controlfield tag="001">200</controlfield>
  <controlfield tag="003">OSt</controlfield>
  <controlfield tag="005">20250528074014.0</controlfield>
  <controlfield tag="008">250203b        |||||||e |||| 00| 1 eng d</controlfield>
  <datafield tag="020" ind1=" " ind2=" ">
    <subfield code="a">8599296078</subfield>
  </datafield>
  <datafield tag="040" ind1=" " ind2=" ">
    <subfield code="b">por</subfield>
  </datafield>
  <datafield tag="041" ind1=" " ind2=" ">
    <subfield code="h">eng</subfield>
    <subfield code="a">por</subfield>
  </datafield>
  <datafield tag="082" ind1=" " ind2=" ">
    <subfield code="a">813</subfield>
    <subfield code="b">D537t</subfield>
  </datafield>
  <datafield tag="100" ind1="1" ind2=" ">
    <subfield code="a">Diamant, Anita,</subfield>
    <subfield code="d">1951-</subfield>
    <subfield code="9">368</subfield>
  </datafield>
  <datafield tag="240" ind1=" " ind2=" ">
    <subfield code="a">The red tent</subfield>
  </datafield>
  <datafield tag="245" ind1=" " ind2=" ">
    <subfield code="a">A tenda vermelha /</subfield>
    <subfield code="c">Diamant, Anita ; Tradu&#xE7;&#xE3;o de Maria Luiza Newlands Silveira e Marcia Claudia Reynaldo Alves</subfield>
  </datafield>
  <datafield tag="260" ind1=" " ind2=" ">
    <subfield code="a">Rio de Janeiro</subfield>
    <subfield code="b">Sextante</subfield>
    <subfield code="c">2006</subfield>
  </datafield>
  <datafield tag="300" ind1=" " ind2=" ">
    <subfield code="a">297 p.</subfield>
  </datafield>
  <datafield tag="520" ind1=" " ind2=" ">
    <subfield code="a">Na B&#xED;blia, as mulheres ocupam um lugar &#xE0; sombra, por isso ficamos privados de sua sensibilidade na descri&#xE7;&#xE3;o dos acontecimentos. Numa narrativa envolvente, Anita Diamant resgata esse olhar feminino e d&#xE1; vida &#xE0;s personagens b&#xED;blicas, recriando o ambiente em que viveram, seu cotidiano, suas prova&#xE7;&#xF5;es e suas paix&#xF5;es.

Filha de Jac&#xF3; e Lia, Dinah - cuja trajet&#xF3;ria &#xE9; apenas sugerida no Livro do G&#xEA;nese - &#xE9; a figura central desta trama, que come&#xE7;a com a hist&#xF3;ria das quatro esposas de Jac&#xF3;, a quem ela chama de "m&#xE3;es": Lia, Raquel, Zilpah e Bilah. O amor delas e o legado que lhe transmitem servem de apoio durante a fase de trabalho duro da juventude, no of&#xED;cio de parteira e na vida nova em uma terra estrangeira.

&#xC0; medida que cresce, Dinah observa tudo o que se passa no deserto: as conquistas, a rivalidade entre os irm&#xE3;os, a sensualidade intu&#xED;da, a aspereza do relacionamento entre os homens, a complexidade dos sentimentos das mulheres, a constru&#xE7;&#xE3;o de um povo descrita a partir da saga de um n&#xFA;cleo familiar. De espectadora, ela passa a protagonista, e s&#xE3;o seus amores, medos, descobertas e perdas que v&#xE3;o sendo narrados no cen&#xE1;rio mais amplo de um mundo b&#xED;blico de caravanas, pastores, agricultores, pr&#xED;ncipes, escravos e artes&#xE3;os.</subfield>
  </datafield>
  <datafield tag="650" ind1=" " ind2="0">
    <subfield code="a">Literatura Americana</subfield>
    <subfield code="9">84</subfield>
  </datafield>
  <datafield tag="650" ind1=" " ind2="0">
    <subfield code="a">Religi&#xE3;o</subfield>
    <subfield code="9">100</subfield>
  </datafield>
  <datafield tag="650" ind1=" " ind2="0">
    <subfield code="a">Hist&#xF3;rico</subfield>
    <subfield code="9">53</subfield>
  </datafield>
  <datafield tag="650" ind1=" " ind2="0">
    <subfield code="a">Emponderamento </subfield>
    <subfield code="9">32</subfield>
  </datafield>
  <datafield tag="650" ind1=" " ind2="0">
    <subfield code="a">Pol&#xEA;mica</subfield>
    <subfield code="9">117</subfield>
  </datafield>
  <datafield tag="655" ind1=" " ind2="0">
    <subfield code="a">Romance</subfield>
    <subfield code="9">23</subfield>
  </datafield>
  <datafield tag="655" ind1=" " ind2="0">
    <subfield code="a">Fic&#xE7;&#xE3;o </subfield>
    <subfield code="9">22</subfield>
  </datafield>
  <datafield tag="700" ind1=" " ind2=" ">
    <subfield code="a">Maria Luiza Newlands da Silveira</subfield>
    <subfield code="e">Tradutor</subfield>
    <subfield code="9">180</subfield>
  </datafield>
  <datafield tag="700" ind1=" " ind2=" ">
    <subfield code="a">Maria Claudia Reynaldo Alves</subfield>
    <subfield code="e">Tradutor</subfield>
    <subfield code="9">369</subfield>
  </datafield>
  <datafield tag="942" ind1=" " ind2=" ">
    <subfield code="2">ddc</subfield>
    <subfield code="n">0</subfield>
    <subfield code="c">BK</subfield>
  </datafield>
  <datafield tag="952" ind1=" " ind2=" ">
    <subfield code="0">0</subfield>
    <subfield code="1">0</subfield>
    <subfield code="2">ddc</subfield>
    <subfield code="4">0</subfield>
    <subfield code="7">0</subfield>
    <subfield code="8">FIC</subfield>
    <subfield code="a">BIBIB</subfield>
    <subfield code="b">BIBIB</subfield>
    <subfield code="c">LE</subfield>
    <subfield code="d">2014-09-04</subfield>
    <subfield code="e">doa&#xE7;&#xE3;o</subfield>
    <subfield code="l">0</subfield>
    <subfield code="o">813 / D537t</subfield>
    <subfield code="p">2025-14964</subfield>
    <subfield code="r">2025-01-31 07:47:58</subfield>
    <subfield code="t">Ex. 01</subfield>
    <subfield code="w">2025-01-31</subfield>
    <subfield code="y">BK</subfield>
  </datafield>
  <datafield tag="952" ind1=" " ind2=" ">
    <subfield code="0">0</subfield>
    <subfield code="1">0</subfield>
    <subfield code="2">ddc</subfield>
    <subfield code="4">0</subfield>
    <subfield code="7">0</subfield>
    <subfield code="8">FIC</subfield>
    <subfield code="a">BIBIB</subfield>
    <subfield code="b">BIBIB</subfield>
    <subfield code="c">LE</subfield>
    <subfield code="d">2016-05-31</subfield>
    <subfield code="e">doa&#xE7;&#xE3;o</subfield>
    <subfield code="l">0</subfield>
    <subfield code="o">813 / D537t</subfield>
    <subfield code="p">2025-15330</subfield>
    <subfield code="r">2025-01-31 07:47:58</subfield>
    <subfield code="t">Ex. 02</subfield>
    <subfield code="w">2025-01-31</subfield>
    <subfield code="y">BK</subfield>
  </datafield>
  <datafield tag="999" ind1=" " ind2=" ">
    <subfield code="c">200</subfield>
    <subfield code="d">200</subfield>
  </datafield>
</record>
